000
00340 a2200157 4500
001
58477
020
_a
8572080813
040
_c
Anchieta - Pituba
100
_a
Hoffmann, Fernando
240
1
0
_a
Vôos fantásticos
_l
por
245
1
0
_a
Vôos fantásticos
300
_a
124
362
0
_a
1992
650
4
_a
Ficção brasileira
942
_c
BK
999
_c
58477
_d
58477